| 000 | 00595nam a2200205 i 4500 | ||
|---|---|---|---|
| 001 | 56374 | ||
| 003 | ES-MaACL | ||
| 005 | 20250811063135.0 | ||
| 007 | t| | ||
| 008 | 031008s1974 sp ||||1| spa d | ||
| 100 | 1 |
_aDíez-Picazo, Luis, _d1931- _9156922 |
|
| 245 | 1 | 0 |
_aInstituciones de Derecho Civil / _cLuis Díez-Picazo y Antonio Gullón. |
| 250 | _a[1ª ed., reimp.]. | ||
| 260 |
_aMadrid : _bTecnos, _c1974. |
||
| 300 |
_a1 v. ; _c24 cm. |
||
| 500 | _aEs el vol. 1. | ||
| 700 | 1 |
_aGullón, Antonio. _960934 |
|
| 852 |
_aES-MaACL _jL-11407 _bR.93141 |
||
| 999 |
_c56374 _d56374 |
||